Countries with more than one N in their name - Statistics

General Stats
  • This quiz has been taken 470 times
    411 since last reset
  • The average score is 15 of 25
Answer Stats
Answer % Correct
United Kingdom
88%
New Zealand
76%
Saint Vincent and the Grenadines
76%
Afghanistan
69%
Saint Kitts and Nevis
69%
Netherlands
68%
Finland
66%
Indonesia
66%
Argentina
65%
Bosnia and Herzegovina
61%
Dominican Republic
61%
Turkmenistan
61%
Antigua and Barbuda
60%
Trinidad and Tobago
59%
Solomon Islands
58%
San Marino
54%
North Macedonia
51%
Liechtenstein
50%
Papua New Guinea
50%
Tanzania
50%
Central African Republic
49%
Benin
47%
Montenegro
44%
Lebanon
39%
Sao Tome and Principe
28%
No matching quizzes found
Score Distribution
Percent of People with Each Score
Percentile by Number Answered
Your Score History
You have not taken this quiz since the last reset